000 00601nam a2200181Ia 4500
003 IN-BaIIA
008 211028s9999 xx 000 0 eng d
020 _a9399-491-07301
040 _cIIA Library
080 _a(035)621.38
_bPDH-69:4
110 _aPhilips Gloeilanapenfabrieken
_96246
245 0 _aPhillps data and Handbook
_bpt. 4, magnetic materials- white ceramics
_cPhilips Gloeilanapenfabrieken
260 _aNetherland
_bTechnical Publications Department
_c1969
300 _a[various pagings.]
650 _aAstronomy and Astrophysics Thesaurus
650 _aElectronics
_91576
942 _cBK
999 _c3529
_d3529